Quizzes
Events
Quiz Creation
Community
Videos
Private Events
Remove Ads
Sign In
Join for FREE
Feedback
Dark Mode
Quiz Categories
Sports
Geography
Music
Movies
Television
Just For Fun
Miscellaneous
History
Literature
Language
Science
Gaming
Entertainment
Religion
Holiday
For Kids
Quiz Lab
Recent
Popular Today
Quiz Kudos Today
Editor Picks
Curator Picks
Quizzes by...
Day
Popularity
Type
Ratings
Length
Year
Community
Subscriptions
Recent Discussions
Orange Saloon
Badges
Playlists
Quests
Create
Leaderboards
Showdown
Live 5
Trivia Bingo
Activity
Puzzle Library
Sporcle Events
Private Events
Virtual Trivia
Globe League
Become a Host
Pub Owners
SporcleCon
Opinionation
Our Games
Videos
Blog
Mobile Apps
Partnerships
Remove Ads and Go Orange
Feedback
Miscellaneous
Crossword
General Knowledge
Baby Names
Logo
Food
Cars
Numbers
Grab Bag
University
College
Popular
Company
Slogans
Restaurants
Justice
Letter
Miscellaneous
Crossword
General Knowledge
Baby Names
Logo
Food
Cars
Numbers
Grab Bag
University
College
Popular
Company
Slogans
Restaurants
Justice
Letter
Random Quiz
Search Sporcle
×
Quiz Lab
Quiz Lab
Miscellaneous
ride
Type in answers that appear in a list
Type in answers that appear in a list
Classic
Best Score? Go Orange.
Hersheypark Rides Stats
Can you name the Hersheypark Rides?
By
agaliardi
8m
62 Questions
216 Plays
216 Plays
216 Plays
Comments
Comments
Give Quiz Kudos
Give Quiz Kudos
-
- Ratings
hide this ad
Replay
Link that replays current quiz
Next Quiz
Link to next quiz in quiz playlist
You Got
0%
They Got
Avg Score
46%
Avg Friend Score
Upgrade to see
Score Distribution
Jump to the score distribution portion of the page
Score
0/62
Timer
08:00
0
Plays Today
Type
Ride
% Correct
Rollercoaster
Comet
94.9%
Rollercoaster
Great Bear
85.6%
Rollercoaster
Wildcat
85.6%
Rollercoaster
Storm Runner
84.3%
Rollercoaster
Lightning Racer
82.4%
Rollercoaster
Trailblazer
81%
Rollercoaster
Wild Mouse
80.1%
Rollercoaster
Sidewinder
76.9%
Rollercoaster
Sooperdooperlooper
76.4%
Rollercoaster
Fahrenheit
75.5%
Rollercoaster
Roller Soaker
75%
Water Ride
Coal Cracker
67.6%
Water Ride
Tidal Force
61.6%
Family Ride
The Claw
58.3%
Family Ride
Pirat
54.6%
Family Ride
Kissing Tower
52.8%
Family Ride
Scrambler
52.8%
Family Ride
Monorail
51.4%
Family Ride
Whip
50.9%
Family Ride
Ferris Wheel
50.5%
Family Ride
Music Express
48.6%
Kiddie Ride
Convoy
45.8%
Kiddie Ride
Mini Pirate
45.4%
Kiddie Ride
Frog Hopper
44.9%
Family Ride
Flying Falcon
44%
Family Ride
Wave Swinger
44%
Family Ride
Tilt-A-Whirl
42.6%
Family Ride
Fender Bender
42.6%
Family Ride
Carrousel
41.7%
Family Ride
Dry Gulch Railroad
40.3%
Family Ride
The Howler
40.3%
Type
Ride
% Correct
Kiddie Ride
Starship America
39.4%
Kiddie Ride
Mini Scrambler
38.4%
Water Ride
East Coast Waterworks
37.5%
Family Ride
Skyview
37.5%
Family Ride
Twin Turnpike
37.5%
Water Ride
The Shore
36.6%
Kiddie Ride
Dizzy Drums
36.6%
Kiddie Ride
Red Baron
36.6%
Kiddie Ride
Granny Bugs
36.1%
Family Ride
Frontier Flyers
35.6%
Kiddie Ride
Ladybugs
35.6%
Kiddie Ride
Mini Himalaya
34.7%
Kiddie Ride
Pony Parade
32.9%
Family Ride
Merry Derry Dip
32.4%
Kiddie Ride
Tiny Timbers
32.4%
Kiddie Ride
Helicopters
31.9%
Water Ride
Coastline Plunge
31.5%
Kiddie Ride
Bizzy Bees
31.5%
Kiddie Ride
Traffic Jam
31%
Water Ride
Waverider
30.6%
Kiddie Ride
Swing Thing
30.6%
Kiddie Ride
Balloon Flite
30.1%
Kiddie Ride
Tiny Tracks
29.6%
Kiddie Ride
Space Age
29.2%
Kiddie Ride
Livery Stables
28.7%
Water Ride
Intercoastal Waterway
28.2%
Water Ride
Sandcastle Cove
27.8%
Kiddie Ride
Dinosaur-Go-Round
27.3%
Family Ride
Reese's Xtreme Cup Challenge
26.9%
Kiddie Ride
Miniature Train
25%
Water Ride
Bayside Pier
23.6%
Quiz Playlist
Details
Report
Send in Message
Add To Playlist
Classic:
Type in answers that appear in a list
Last Updated: Feb 16, 2017
Quiz Scoreboard
CHALLENGE
Sign Up to Join the Scoreboard
Show All
Scores
Hide
Comments
May contain spoilers
Recently Published
1-10 Letter E Words III
by El_Dandy
Language
2m
One Thing in Common: World Cities II
by knightlancer
Geography
7m
Popular People in 1961
by mucciniale
History
6m
More to Explore
Quiz From the Vault
Featured Blog Post
Where Did the Easter Bunny Come From?
hide this ad
You Might Also Like...
Tags
area
Hersheypark
ride
Today's Top Quizzes in Miscellaneous
Browse Miscellaneous
hide this ad
Today's Top Quizzes in ride
Browse ride
Top Contributed Quizzes in Miscellaneous
1
The JOE quick-fire general knowledge quiz: Day 173
2
The JOE quick-fire general knowledge quiz: Day 172
3
Sunday Crossword: Famous Bodies of Water
4
Named After an Animal - Odd One Out!
5
sort kpop groups by number of members
6
One Thing in Common: United Kingdom II
7
The JOE quick-fire general knowledge quiz: Day 171
8
Lays Potato Chip Flavour Contest Finalists
9
The JOE quick-fire quiz: Day 170
10
Sunday Crossword: Themeless #5
Explore More
Trending Topics
Crossword
Anime
Disney
Kpop
Harry Potter
Marvel
NBA
Song
Soccer
NFL
Pokémon
WWE
Country
The Office
Puzzle
hide this ad
More By:
agaliardi
Quiz
Plays
Rating
Category
Featured
Created
Hersheypark Rides
216
2.00
Miscellaneous
Feb 4, 2011
Go to Creator's Profile
Score Distribution
Quiz Creator Spotlight
agaliardi
Follow
Send a Message
Quizzes Created
-
Created Quiz Play Count
-
More By This Creator
Popular Quizzes Today
1
Find the US States - No Outlines Minefield
2
The Countries of the World
3
Popular People in 1961
4
Find the Countries of Europe - No Outlines Minefield
5
1-10 Letter E Words III
6
Find the US States
7
One Thing in Common: World Cities II
8
US States
More Miscellaneous Quizzes
3 Food Threesomes
Published
Trending Quizzes
1-10 Letter F Words
1-10 Letter G Words
Risky Map Clicking: Next State Alphabetically
1-10 Letter F Words II
Risky Map Clicking: States by Unique Starting Letters
Recently Updated
Leaping Animals
pecheneg
Reality TV Shows (A-Z)
bhenderson79
Rickey Henderson's Hall of Fame Teammates
pecheneg
Champions League XIs: Arsenal
pecheneg
Quick Pick: Celebrities in WWE's Hall of Fame
aduchscher
A-Z Keypad Blitz II
pecheneg
Multiple Oscar Actors
pecheneg
Mystery Phrase Blitz: Oscar 'Best Actors'
pecheneg
F. Scott Fitzgerald Novels
LTH
Pick 3 Villains
ddd62291
Trending Topics
NBA
Harry Potter
Crossword
Marvel
Disney
Kpop
Anime
WWE
Puzzle
Soccer
Pokémon
The Office
Song
NFL
Country
Your Account Isn't Verified!
In order to create a playlist on Sporcle, you need to verify the email address you used during registration. Go to your
Sporcle Settings
to finish the process.
Report this User
Report this user for behavior that violates our
Community Guidelines
.
Details:
Send Report
Go to the Sporcle.com Mobile Site →
Comments